| 000 | 04729cam a22006734i 4500 | ||
|---|---|---|---|
| 003 | PE-LiUPU | ||
| 005 | 20250731165512.0 | ||
| 008 | 180521s2017 sp a rb 001 0 spa d | ||
| 020 | _a9788499646398 | ||
| 035 | _a(Sirsi) a242057 | ||
| 040 |
_aPE-LiUPU _bspa _cPE-LiUPU _dPE-LiUPU _erda |
||
| 049 | _aPRUA | ||
| 082 | 0 | 4 |
_a004.925 _b28 _220 |
| 100 | 1 |
_aBaxendale, Claudia A., _eautor. |
|
| 245 | 1 | 0 |
_aSistema de información geográfica : _bAplicaciones en diagnóstico territoriales y decisiones geoambientales / _cClaudia A. Baxendale [y otros seis] ; coordinadores Antonio Moreno Jiménez, Gustavo D. Buzai y Manuel Fuenzalida Díaz. |
| 250 | _a2a Edición actualizada. | ||
| 264 | 1 |
_aMadrid : _bRA-MA, _c2017. |
|
| 300 |
_a499 páginas : _bilustraciones ; _c24 centímetros |
||
| 336 |
_atext _2rdacontent |
||
| 337 |
_aunmediated _2rdamedia |
||
| 338 |
_avolume _2rdacarrier |
||
| 504 | _aBibliografía: páginas 467-493. | ||
| 504 | _aÍndice: páginas 497-499. | ||
| 505 | 0 | _aTécnicas y tecnologías geográficas para el diagnóstico socio-territorial y ambiental -- Técnicas cuantitativas y SIG para el diagnóstico territorial: sinopsis teórico-metodológica -- Evaluación de desigualdades espaciales y cambios temporales en el desarrollo regional -- Diagnóstico estadístico-cartográfico de desequilibrios intraurbanos -- Evidenciando y valorando desigualdades sociales intraurbanas mediante mapas y gráficos interactivos. Perspectivas 1D y 2D -- Explorando y analizando el espacio funcional regional mediante cartografía de interacción espacial -- Caracterización con SIG de la calidad del ambiente atmosférico urbano mediante indicadores de polución -- Exploración y valoración de patrones y relaciones socio-ambientales mediante geovisualización -- Evaluación de la justicia ambiental con sistemas de información geográfica -- Análisis espacial de percepción ciudadana a externalidades negativas -- Ayuda a las decisiones territoriales con modelos de localización óptima -- Modelos de localización óptima y planificación territorial: sinopsis teórico-metodológica -- Evaluación de la accesibilidad a los equipamientos y determinación de áreas de servicio -- El modelo P-mediano como ayuda a una planificación urbana eficiente y sostenible -- Localización óptima de centros de salud basados en la necesidad social, mediante el modelo de cobertura máxima -- Garantizando servicios próximos con el mínimo de instalaciones: El modelo de cobertura del conjunto -- Definiendo un patrón de equipamientos especialmente justo según el modelo minimax -- Identificando localizaciones orientadas hacia el mercado en un entorno empresarial competitivo -- Ayuda a las decisiones territoriales con evaluación multicriterio -- Evaluación multicriterio con sistemas de información geográfica. Síntesis teórica-metodológica -- Evaluación del impacto territorial a partir del riesgo de exposición potencial a contaminación -- Determinación de lugares candidatos para la asignación de usos de suelo industrial -- Detección de zonas de potencial conflicto entre usos del suelo (método LUCIS). | |
| 526 | _aSEG44 | ||
| 526 | _aSEG26 | ||
| 526 | _aP151 | ||
| 526 | _aP150 | ||
| 526 | _aP149 | ||
| 526 | _aP146 | ||
| 526 | _aP145 | ||
| 526 | _aP126 | ||
| 526 | _aP125 | ||
| 526 | _aP92 | ||
| 526 | _aP75 | ||
| 526 | _aP74 | ||
| 526 | _aP27 | ||
| 526 | _aP15 | ||
| 541 | _g002-00000048; | ||
| 650 | 0 | 4 |
_aSistemas de información geográfica. _998 |
| 650 | 0 | 4 | _aGeographic information systems. |
| 650 | 0 | 4 | _aOrdenación de territorios. |
| 650 | 0 | 4 | _aTerritory organization |
| 700 | 1 |
_aBuzai, Gustavo D., _eautor. |
|
| 700 | 1 |
_aCañada Torrecilla, María Rosa, _eautor. |
|
| 700 | 1 |
_aColsa Pérez, Alejandro, _eautor. |
|
| 700 | 1 |
_aFuenzalida Díaz, Manuel, _eautor. |
|
| 700 | 1 |
_aMoreno Jiménez, Antonio, _eautor. |
|
| 700 | 1 |
_aVidal Domínguez, María Jesús, _eautor. |
|
| 700 | 1 |
_aMoreno Jiménez, Antonio, _ecoordinador. |
|
| 700 | 1 |
_aBuzai, Gustavo D., _ecoordinador. |
|
| 700 | 1 |
_aFuenzalida Díaz Manuel, _ecoordinador. |
|
| 910 |
_adbm _bcsm _ccsm _d20180521 |
||
| 942 |
_2ddc _cBOOK |
||
| 994 |
_aC0 _bPEPRU |
||
| 596 | _a1 | ||
| 999 |
_a004.925 B28 _wDEWEY _c27567 _i78689 _f2021-11-9 _g4 _lCCODEBUL1 _mBUL _p51.70 _r0 _sY _tBOOK _u2018-5-21 _xINGENIERIA _PP24 _0COMPRA _1FCOMPRA _o.STAFF. Colección Ingeniería y Arquitectura _d27567 |
||
| 999 |
_a004.925 B28 _wDEWEY _c2 _i78690 _f2021-11-9 _g4 _lCCODEBUL1 _mBUL _p51.70 _r0 _sY _tBOOK _u2018-5-21 _xINGENIERIA _PP24 _0COMPRA _1FCOMPRA _o.STAFF. Colección Ingeniería y Arquitectura |
||
| 980 |
_81 _gALBERTO SANCHEZ Responsable de Automatización |
||